Score 0/32 Timer 02:00
3 Plays Today
Hint L or S? % Correct
Boromir???
96.4%
White Walker???
95.5%
Eddard???
95.2%
Casterly Rock???
93.7%
Mordor???
92.6%
Unsullied???
92.5%
Helm's Deep???
91.8%
Mithril???
91.1%
Moria???
91.1%
Aerys???
91%
Tom Bombadil???
90.1%
Uruk-Hai???
90%
Pentos???
89.5%
Osgiliath???
89.4%
Tommen???
89.1%
Valyria???
88.8%
Hint L or S? % Correct
Alliser Thorne???
88.6%
Dead Marshes???
88.3%
Denethor???
87.7%
Craster's Keep???
86.9%
Illyrio???
85.4%
Drogon???
85%
Sting???
85%
Weathertop???
83.8%
Longclaw???
81.6%
The Lightning Lord???
77.7%
R'hllor???
73.8%
Riverrun???
71.4%
Barrow-Wight???
71.1%
Mirri Maz Duur???
67.8%
Iron Hills???
61.8%
Lorren???
46.8%
Remove Ads.
Support Sporcle.
Get the best of Sporcle when you Go Orange. This ad-free experience offers more features, more stats, and more fun while also helping to support Sporcle. Thank you for becoming a member.

You're not logged in!

Compare scores with friends on all Sporcle quizzes.
OR
Log In

Show Comments

Extras

Top Quizzes Today


Score Distribution

Your Account Isn't Verified!

In order to create a playlist on Sporcle, you need to verify the email address you used during registration. Go to your Sporcle Settings to finish the process.

Report this User

Report this user for behavior that violates our Community Guidelines.

Details: